000 00874cab a2200205 4500
001 ABS43552
008 090401t1990 xxu||||| |||| 00| 0 eng d
035 _a(Sirsi) u42322
041 _aeng
100 _aWebster, B.
245 _aChoice of procedure for section 78 appeals
260 _c1990
350 _a0
490 _aEstates Gazette
_v(9042) 20 October 1990, 30-31(2)
520 _aExamines the different ways of conducting a planning appeal under Town and Country Planning Act 1990 s78 (formerly Town and Country Planning Act 1971 s36 ). It can be done either through written representations , if both parties are agreeable or by inquiry , either through a hearing or full scale inquiry. 85% of appeals are now conducted by the former method.
650 _aDOE CIRCULAR 11/1987
690 _aPLANNING LAW AND PRACTICE
942 _n0
948 _c04/03/1997
999 _c27160
_d27160